| 000 | 01020cjm a22002653a 4500 | ||
|---|---|---|---|
| 001 | 13258331 | ||
| 003 | OSt | ||
| 005 | 20250901165601.0 | ||
| 007 | sd fsngnnmmned | ||
| 008 | 030701s2002 cauuun eng | ||
| 010 | _a 2003589272 | ||
| 017 |
_aSR 314-347 _bU.S. Copyright Office |
||
| 040 |
_aDLC _cDLC |
||
| 050 | 0 | 0 | _aHX806 .S86 2002 |
| 245 | 0 | 0 |
_aDreams of peace _h[sound recording] / _cRolf Jaeger. |
| 260 | _c2002. | ||
| 300 |
_a1 sound disc : _bdigital ; _c4 3/4 in. |
||
| 500 | _aCopyright registration information: (c) (p) on music & recording; Rolf Jaeger, 1949-. | ||
| 500 | _aCompact disc. | ||
| 500 | _aBrief record. | ||
| 505 | 0 | _aSoaring -- Swaying daisies -- Piano in the wind -- Misty meadow -- Snow on the beach -- Sunrise in the forest -- Day break -- Dance of the fairies -- Peace train -- Awaken, take 2 -- Hummingbird -- Rainbow -- Miracle -- Long way home. | |
| 906 |
_a7 _bcbc _corignew _d3 _encip _f20 _gy-genmusic |
||
| 942 |
_2ddc _cBK |
||
| 999 |
_c6241 _d6241 |
||